<?xml version="1.0" encoding="UTF-8"?>
<collection xmlns:xsi="http://www.w3.org/2001/XMLSchema-instance" xsi:schemaLocation="http://www.loc.gov/MARC21/slim http://www.loc.gov/standards/marcxml/schema/MARC21slim.xsd" xmlns="http://www.loc.gov/MARC21/slim">
 <record>
  <leader>00000cam a22000003a 4500</leader>
  <controlfield tag="001">UP-99796217610029558</controlfield>
  <controlfield tag="003">Buklod</controlfield>
  <controlfield tag="005">20110913085404.0</controlfield>
  <controlfield tag="006">m    |o  d |      </controlfield>
  <controlfield tag="007">ta</controlfield>
  <controlfield tag="008">110913s2011    xx     d     r    |||| u|</controlfield>
  <datafield tag="020" ind1=" " ind2=" ">
   <subfield code="a">9781118029381 (hbk.)</subfield>
   <subfield code="c">Php9,950.00 (Alexan) : MMM Dept.</subfield>
  </datafield>
  <datafield tag="035" ind1=" " ind2=" ">
   <subfield code="a">(iLib)UPD-00178303763</subfield>
  </datafield>
  <datafield tag="040" ind1=" " ind2=" ">
   <subfield code="a">DLC</subfield>
   <subfield code="d">DENG</subfield>
  </datafield>
  <datafield tag="041" ind1=" " ind2=" ">
   <subfield code="a">eng</subfield>
  </datafield>
  <datafield tag="090" ind1=" " ind2=" ">
   <subfield code="a">TN 690</subfield>
   <subfield code="b">I587 2011</subfield>
  </datafield>
  <datafield tag="110" ind1="2" ind2=" ">
   <subfield code="a">International Symposium on High-Temperature Metallurgical Processing</subfield>
   <subfield code="n">(2nd</subfield>
   <subfield code="d">2011</subfield>
   <subfield code="c">San Diego, Calif.)</subfield>
  </datafield>
  <datafield tag="245" ind1="1" ind2="0">
   <subfield code="a">2nd International Symposium on High-Temperature Metallurgical Processing</subfield>
   <subfield code="b">proceeding of a symposium sponsored by the Pyrometallurgy Committee of the Extraction and Processing Division and the Energy Committee of the Extraction and Processing Division and the Light Metals Division of TMS (The Minerals, Metals &amp; Materials Society), held during the TMS 2011 Annual Meeting &amp; Exhibition, San Diego, California, USA, February 27-March 3, 2011</subfield>
   <subfield code="c">edited by Jiann-Yang Hwang... [et al.].</subfield>
  </datafield>
  <datafield tag="246" ind1="1" ind2=" ">
   <subfield code="a">High-temperatuer metallurgical processing</subfield>
  </datafield>
  <datafield tag="246" ind1="1" ind2=" ">
   <subfield code="a">Second International symposium on high-temperature metallurgical processing</subfield>
  </datafield>
  <datafield tag="264" ind1=" " ind2="1">
   <subfield code="a">Hoboken, N.J.</subfield>
   <subfield code="b">Wiley</subfield>
   <subfield code="c">c2011</subfield>
  </datafield>
  <datafield tag="300" ind1=" " ind2=" ">
   <subfield code="a">xvi, 417 p.</subfield>
   <subfield code="b">ill.</subfield>
  </datafield>
  <datafield tag="500" ind1=" " ind2=" ">
   <subfield code="a">Published simultaneously in Canada</subfield>
  </datafield>
  <datafield tag="500" ind1=" " ind2=" ">
   <subfield code="a">Prof. Reinol Josef DC. Compañero (recommending faculty)</subfield>
  </datafield>
  <datafield tag="650" ind1=" " ind2="0">
   <subfield code="a">Metals</subfield>
   <subfield code="x">Effect of high temperatures on</subfield>
   <subfield code="v">Congresses.</subfield>
  </datafield>
  <datafield tag="650" ind1=" " ind2="0">
   <subfield code="a">Light metals</subfield>
   <subfield code="x">Metallurgy</subfield>
   <subfield code="v">Congresses.</subfield>
  </datafield>
  <datafield tag="650" ind1=" " ind2="0">
   <subfield code="a">Alloys</subfield>
   <subfield code="v">Congresses.</subfield>
  </datafield>
  <datafield tag="658" ind1=" " ind2=" ">
   <subfield code="c">MetE 134.</subfield>
  </datafield>
  <datafield tag="700" ind1="1" ind2=" ">
   <subfield code="a">Hwang, Jiann-Yang.</subfield>
  </datafield>
  <datafield tag="710" ind1="2" ind2=" ">
   <subfield code="a">Minerals, Metals and Materials Society.</subfield>
   <subfield code="b">Extraction and Processing Division.</subfield>
  </datafield>
  <datafield tag="710" ind1="2" ind2=" ">
   <subfield code="a">Minerals, Metals and Materials Society.</subfield>
   <subfield code="b">Light Metals Division.</subfield>
  </datafield>
  <datafield tag="710" ind1="2" ind2=" ">
   <subfield code="a">Minerals, Metals and Materials Society.</subfield>
   <subfield code="b">Meeting</subfield>
   <subfield code="d">(104th</subfield>
   <subfield code="d">2011</subfield>
   <subfield code="c">San Diego, Calif.).</subfield>
  </datafield>
  <datafield tag="905" ind1=" " ind2=" ">
   <subfield code="a">FO</subfield>
  </datafield>
  <datafield tag="950" ind1=" " ind2=" ">
   <subfield code="a">Monograph</subfield>
  </datafield>
  <datafield tag="852" ind1="0" ind2=" ">
   <subfield code="a">UPD</subfield>
   <subfield code="b">DENG-II</subfield>
   <subfield code="h">TN 690</subfield>
   <subfield code="i">I587 2011</subfield>
  </datafield>
  <datafield tag="942" ind1=" " ind2=" ">
   <subfield code="a">Book</subfield>
  </datafield>
 </record>
</collection>
